000 01232nam a2200313 ia4500
005 20260416121855.0
008 260414s2025 my ao br6 000 1 may d
020 _a9789673764099
_cRM23.90
_qpaperback
040 _aPPAK
_beng
_cPPAK
_erda
082 0 4 _223
_a741.5
090 0 0 _a741.5
_bLEE
_dK
100 1 _aLee, Kwang Woong,
_eauthor.
245 1 0 _aKOMIK STEM :
_bWHY? : Serangga.
_n23 /
_cDitulis oleh: Lee Kwang Woong ; Diilustrasi oleh: Song Hoe Seok ; Diterjemahkan oleh Mohd Safuan Ahmad Nawawi
264 1 _aPetaling Jaya, Selangor :
_bOrbit Buku Sdn. Bhd.,
_c[2025?]
300 _a[159] pages :
_bcolour illustrations, colour photographs ;
_c21 cm
336 _atext
_2rdacontent
337 _aunmediated
_2rdamedia
338 _avolume
_2rdacarrier
490 1 _aKOMIK STEM
650 1 0 _aComic books, strips, etc.
650 2 0 _aComic books and children
650 2 0 _aScience fiction
_vComic books, strips, etc.
650 2 0 _aCommunication
_vComic books, strips, etc.
650 2 0 _aInformations
_vComic books, strips, etc.
700 1 _aSong, Hoe Seok,
_eillustrator.
700 0 _aMohd Safuan Ahmad Nawawi,
_etranslator.
830 0 _aKomik Stem
942 _2ddc
_cB
999 _c203849
_d203849